FSA to decide on the future of professional indemnity insurance (Record no. 72045)
[ view plain ]
| 000 -LEADER | |
|---|---|
| fixed length control field | 01098cam a2200217 4500 |
| 001 - CONTROL NUMBER | |
| control field | X121229 |
| 008 - FIXED-LENGTH DATA ELEMENTS--GENERAL INFORMATION | |
| fixed length control field | 030204n2003 000 0 eng u |
| 035 ## - SYSTEM CONTROL NUMBER | |
| System control number | (Sirsi) u121229 |
| 245 ## - TITLE STATEMENT | |
| Title | FSA to decide on the future of professional indemnity insurance |
| 260 ## - PUBLICATION, DISTRIBUTION, ETC. | |
| Date of publication, distribution, etc. | 2003 |
| 490 ## - SERIES STATEMENT | |
| Series statement | FSA Press Release |
| Volume/sequential designation | (019/2003) 3 February 2003, (2) |
| 520 ## - SUMMARY, ETC. | |
| Summary, etc. | Financial Services Authority (FSA) publishes a consultation paper (CP 169) for personal investment firms. It is aimed at formalising the short-term modifications made to its rules in November 2002. Some IFAs were having difficulty in obtaining compliant cover and this is designed to increase availability in the Professional Indemnity Insurance market for this sector. The FSA has tried to reflect as many of the views of market participants as it could. |
| 590 ## - LOCAL NOTE (RLIN) | |
| Local note | WB |
| 650 ## - SUBJECT ADDED ENTRY--TOPICAL TERM | |
| Topical term or geographic name entry element | FINANCIAL SERVICES AUTHORITY |
| 650 ## - SUBJECT ADDED ENTRY--TOPICAL TERM | |
| Topical term or geographic name entry element | PROFESSIONAL INDEMNITY INSURANCE |
| 650 ## - SUBJECT ADDED ENTRY--TOPICAL TERM | |
| Topical term or geographic name entry element | INVESTMENT BUSINESS |
| 650 ## - SUBJECT ADDED ENTRY--TOPICAL TERM | |
| Topical term or geographic name entry element | INVESTMENT COMPANIES |
| 650 ## - SUBJECT ADDED ENTRY--TOPICAL TERM | |
| Topical term or geographic name entry element | COMPANIES |
| 690 ## - LOCAL SUBJECT ADDED ENTRY--TOPICAL TERM (OCLC, RLIN) | |
| Topical term or geographic name as entry element | MANAGEMENT-BUSINESS MANAGEMENT-FINANCIAL MANAGEMENT |
| 942 ## - ADDED ENTRY ELEMENTS (KOHA) | |
| Suppress in OPAC | 0 |
| Withdrawn status | Lost status | Source of classification or shelving scheme | Damaged status | Not for loan | Home library | Current library | Shelving location | Date acquired | Total Checkouts | Full call number | Barcode | Date last seen | Copy number | Price effective from | Koha item type |
|---|---|---|---|---|---|---|---|---|---|---|---|---|---|---|---|
| Dewey Decimal Classification | London | London | News article | 04/02/2003 | X121229 | 121229-1001 | 06/08/2019 | 1 | 06/08/2019 | News article |